000 00341 a2200157 4500
001 65373
020 _a8501912107
040 _cAnchieta - Pituba
100 _aSabino, Fernando
240 1 0 _aA faca de dois gumes
_l
245 1 0 _aA faca de dois gumes
300 _a239
362 0 _a1999
650 4 _aFicção brasileira
942 _cBK
999 _c65373
_d65373